000 00289nam a22001337a 4500
008 170922b xxu||||| |||| 00| 0 eng d
020 _a9780309089494
041 _aeng
080 _a37
100 _a46
101 _aEDU
245 _aHOW STUDENTS LEARN
_cDONOVAN, M.S
942 _2udc
_cBK
999 _c29229
_d29229